000 00720cam a22002531 4500
001 26870
003 BD-RjUL
005 20211209051058.0
008 140323s1963 ii b 001 0 eng
035 _a(BD-RjUL)26941
035 _a(OCoLC)274069
040 _aDLC
_cOAU
_dOCoLC
_dUk
_dDLC
_beng
041 _aeng
082 _a954.01
_bJAF 1963
100 1 _aJairazbhoy, R. A.
_q(Rafique Ali),
_d1925-
_982576
245 1 0 _aForeign influence in ancient India /
_cR. A. Jairazbhoy.
260 _aBombay :
_aNew York :
_bAsia Pub. House,
_c1963
300 _avi, 195 p. ;
_c23 cm.
504 _aIncludes index
651 0 _aIndia
_xRelations.
_982577
942 _2ddc
_cBK
999 _c26870
_d26870